000 01132cam a22003137a 4500
999 _c28607
_d28607
001 14762865
005 20170309154729.0
008 070308s2007 at a b 001 0 eng d
010 _a 2006908239
020 _a0324074778 (pbk. )
020 _a9780324074772 (pbk. )
035 _a(OCoLC)ocm77645445
035 _a(OCoLC)77645445
040 _aCNU
_cCNU
_dYDXCP
_dDLC
042 _alccopycat
050 0 0 _aHF5415.1265.H358 2007
_b.H358 2007
100 1 _aHanson, Ward A.
245 1 0 _aInternet marketing & e-commerce /
_cWard A. Hanson, Kirthi Kalyanam.
246 3 _aInternet marketing and e-commerce
250 _aStudent ed.
260 _aAustralia ;
_aMason, OH :
_bThomson/South-Western,
_cc2007.
300 _axiii, 642 p. :
_bcol. ill ;
_c25 cm.
504 _aIncludes bibliographical references (p. [605]-622) and index
650 0 _aInternet marketing.
650 0 _aElectronic commerce.
700 1 _aKalyanam, Kirthi.
906 _a7
_bcbc
_ccopycat
_d3
_encip
_f20
_gy-gencatlg
942 _2lcc
_cBOOKS
_hHF5415.1265.H358 2007